Statistics for Biggest Countries by Population, but... #8

Click here to take the quiz!

General Stats

  • This quiz has been taken 90 times
  • The average score is 25 of 30

Answer Stats

PopulationCountry% Correct
738 milChina
98%
802 milIndia
98%
133 milUnited States
98%
3,553 milChilean Empire
96%
113 milRussia
95%
48.4 milBrazil
93%
37.1 milFrance
93%
68.1 milGermany
91%
68.0 milMexico
91%
159 milNigeria
91%
85.5 milD. R. Congo
90%
109 milBangladesh
89%
117 milEthiopia
89%
74.0 milIran
89%
159 milPakistan
89%
75.4 milEgypt
86%
33.5 milSouth Africa
86%
30.9 milUkraine
85%
39.3 milTurkey
84%
32.6 milPoland
83%
40.4 milThailand
80%
49.9 milVietnam
80%
46.0 milTanzania
79%
38.0 milIraq
78%
43.5 milKenya
78%
42.6 milSudan
76%
42.8 milUganda
65%
32.8 milAfghanistan
63%
29.1 milNepal
55%
35.4 milUzbekistan
55%

Score Distribution

Percentile by Number Answered

Percent of People with Each Score

Your Score History

You have not taken this quiz